| 000 | 00755nam a2200253 i 4500 | ||
|---|---|---|---|
| 001 | 121055 | ||
| 003 | ES-MaACL | ||
| 005 | 20250830194149.0 | ||
| 007 | t| | ||
| 008 | 070214s1977 sp r ||||1| spa d | ||
| 110 | 1 |
_aEspaña _93622 |
|
| 240 | 1 | 0 | _aLey de prensa e imprenta, 1966 |
| 245 | 0 | 0 | _aPrensa e imprenta. |
| 250 | _a5ª ed. | ||
| 260 |
_aMadrid : _bBoletín Oficial del Estado, _c1977. |
||
| 300 |
_a303 p. ; _c17 cm. |
||
| 490 | 1 |
_aTextos legales ; _v41 |
|
| 650 |
_aPrensa- _xDerecho- _zEspaña. _9171694 |
||
| 650 | 4 |
_aImprenta- _vDerecho y legislación- _zEspaña. _9164581 |
|
| 710 | 2 |
_aBoletín Oficial del Estado (España) _92229 |
|
| 830 | 1 |
_aTextos legales ; _v41 _9178122 |
|
| 852 |
_aES-MaACL _jC-48700 |
||
| 999 |
_c121055 _d121055 |
||